书目信息 |
| 题名: |
基于BIM技术的大型建筑群体数字化协同管理
|
|
| 作者: | 张鹏飞 主编 | |
| 分册: | ||
| 出版信息: | 上海 同济大学出版社 2019.10 |
|
| 页数: | 210页 | |
| 开本: | 26cm | |
| 丛书名: | 建筑信息模型BIM丛书 | |
| 单 册: | ||
| 中图分类: | TU-024 | |
| 科图分类: | ||
| 主题词: | 建筑群组合--jian zhu qun zu he--数字化--建筑工程--工程管理 | |
| 电子资源: | ||
| ISBN: | 978-7-5608-8759-3 | |
| 000 | 01182nam 2200265 450 | |
| 001 | 0100028517 | |
| 005 | 20211025120159.0 | |
| 010 | @a978-7-5608-8759-3@dCNY78.00 | |
| 100 | @a20200324d2019 em y0chiy50 ea | |
| 101 | 0 | @achi |
| 102 | @aCN@b310000 | |
| 105 | @aa a 000yy | |
| 106 | @ar | |
| 200 | 1 | @a基于BIM技术的大型建筑群体数字化协同管理@Aji yu BIM ji shu de da xing jian zhu qun ti shu zi hua xie tong guan li@f张鹏飞主编 |
| 210 | @a上海@c同济大学出版社@d2019.10 | |
| 215 | @a210页@c图@d26cm | |
| 225 | 2 | @a建筑信息模型BIM丛书@Ajian zhu xin xi mo xing BIM cong shu@iBIM应用指南系列 |
| 320 | @a有书目 (第207-210页) | |
| 330 | @a本书通过大型建筑群数字化协同管理, 实现多家单位的组织、协调和管理, 控制施工安全、质量、进度、场地布置等诸多挑战。主要解决超大项目群统一设计协调问题, 统一设计风格、协调专业接口 ; 统一施工协调问题, 优化施工方案、协调施工进度 ; 保障施工进度、评价施工质量、核实工程量。 | |
| 410 | 0 | @12001 @a建筑信息模型BIM丛书@iBIM应用指南系列 |
| 606 | 0 | @a建筑群组合@Ajian zhu qun zu he@x数字化@x建筑工程@x工程管理 |
| 690 | @aTU-024@v5 | |
| 701 | 0 | @a张鹏飞@Azhang peng fei@4主编 |
| 801 | 0 | @aCN@c20210909 |
| 905 | @a河南城建学院图书馆@dTU-024@eZ151 | |
| 基于BIM技术的大型建筑群体数字化协同管理/张鹏飞主编.-上海:同济大学出版社,2019.10 |
| 210页:图;26cm.-(建筑信息模型BIM丛书.BIM应用指南系列) |
| ISBN 978-7-5608-8759-3:CNY78.00 |
| 本书通过大型建筑群数字化协同管理, 实现多家单位的组织、协调和管理, 控制施工安全、质量、进度、场地布置等诸多挑战。主要解决超大项目群统一设计协调问题, 统一设计风格、协调专业接口 ; 统一施工协调问题, 优化施工方案、协调施工进度 ; 保障施工进度、评价施工质量、核实工程量。 |
| ● |
| 相关链接 |
|
|
|
正题名:基于BIM技术的大型建筑群体数字化协同管理
索取号:TU-024/Z151
 
预约/预借
| 序号 | 登录号 | 条形码 | 馆藏地/架位号 | 状态 | 备注 |
| 1 | 1545507 | 215455077 | 建筑库101/101建筑库 3排3列3层/ [索取号:TU-024/Z151] | 在馆 | |
| 2 | 1545508 | 215455086 | 建筑库101/101建筑库 3排3列3层/ [索取号:TU-024/Z151] | 在馆 |